Ocho apellidos vascos /

Guardat en:
Dades bibliogràfiques
Autor principal: Martínez Lázaro, Emilio (realización)
Altres autors: Cobeaga, Borja (guión) (guión), San José, Diego (guión) (guión), Berridi, Gonzalo F. (fotógrafo) (fotógrafo), Hernández Zoido, Angel (montaje) (montaje), Vilallonga, Alfonso de (música) (música), Velázquez, Fernando (música) (música), Lago, Clara (actuación) (actuación), Rovira, Dani (actuación) (actuación), Machi, Carmen (actuación) (actuación)
Format: Diapositiva
Idioma:espanyol
Publicat: Madrid, España : San Sebastián, España : LaZona Films : Snow Films ; Kowalski Films, 2013, c2013
Matèries:
Etiquetes: Afegir etiqueta
Sense etiquetes, Sigues el primer a etiquetar aquest registre!

MARC

LEADER 00000ngm^a2200000^a^4500
001 000376516
005 20250521000000.0
009 20260526142557.05
037 |a Acervo ITESO - Biblioteca 
041 |a ESP 
082 |a Es 860.  |b MAR V. 1 
100 |a Martínez Lázaro, Emilio  |e (realización) 
240 1 1 |a [Ocho apellidos] 
240 1 1 |a [Ocho apellidos vascos] 
245 1 0 |a Ocho apellidos vascos /  |c Realización de E. Martínez Lázaro. 
264 4 |a Madrid, España :  |b LaZona Films :  |b Snow Films ;  |a San Sebastián, España :  |b Kowalski Films,  |c 2013, c2013 
264 2 |a México :  |b Gussi [distribución] :  |b Amarok [distribución],  |c 2015, c2015 
300 |a 1 DVD regiones 1 y 4 (99 min.) :  |b color 
336 |a imagen móvil bidimensional  |b tdi  |2 rdacontenido 
337 |a video  |b v  |2 rdamedio 
338 |a videodisco  |b vd  |2 rdasoporte 
649 |a XX 
650 |a Impostores e Impostura en el Cine 
650 |a Comedias Románticas 
650 |a Comedias Cinematográficos 
650 |a Cine Español -  |y 2010-2019 
650 |a Cine Español -  |y Siglo XXI 
650 |a Amor 
650 |a Relaciones de Pareja 
650 |a Relaciones Intergénero 
650 |a Relaciones Familiares 
650 |a Sevilla, España en el Cine 
650 |a Andalucía, España en el Cine 
650 |a Guipúzcoa, España en el Cine 
650 |a Identidad Cultural -  |z País Vasco, España 
650 |a País Vasco, España en el Cine 
650 |a País Vasco, España -  |x Condiciones Sociales y Culturales 
700 |a Cobeaga, Borja  |e (guión) 
700 |a San José, Diego  |e (guión) 
700 |a Berridi, Gonzalo F.  |e (fotógrafo) 
700 |a Hernández Zoido, Angel  |e (montaje) 
700 |a Vilallonga, Alfonso de  |e (música) 
700 |a Velázquez, Fernando  |e (música) 
700 |a Lago, Clara  |e (actuación) 
700 |a Rovira, Dani  |e (actuación) 
700 |a Machi, Carmen  |e (actuación) 
910 |a Fondo General 
920 |a Audiovisuales - DVDs 
940 |a Películas 
905 |a 302 
901 |a 0500264107  |b IT2  |c DVS  |i C150875  |u 20250521 
902 |a https://opac.biblio.iteso.mx/vufind/Record/000376516